Machine learning with SVM and other Kernel Methods (Record no. 18791)
[ view plain ]
| 000 -LEADER | |
|---|---|
| fixed length control field | 00464nam a22001817a 4500 |
| 005 - DATE AND TIME OF LATEST TRANSACTION | |
| control field | 20230621124349.0 |
| 008 - FIXED-LENGTH DATA ELEMENTS--GENERAL INFORMATION | |
| fixed length control field | 230621b |||||||| |||| 00| 0 eng d |
| 020 ## - INTERNATIONAL STANDARD BOOK NUMBER | |
| ISBN | 9788120334359 |
| 082 ## - DEWEY DECIMAL CLASSIFICATION NUMBER | |
| Classification number | 006.31 |
| Item number | SOM-M |
| 100 ## - MAIN ENTRY--AUTHOR | |
| Author Name | K.P.Soman |
| 245 ## - TITLE STATEMENT | |
| Title | Machine learning with SVM and other Kernel Methods |
| 260 ## - PUBLICATION, DISTRIBUTION, ETC. | |
| Place of Publication | New Delhi |
| Name of publisher, distributor, etc. | PHI Learning PVT |
| Date of publication, distribution, etc. | 2009 |
| 300 ## - PHYSICAL DESCRIPTION | |
| Pages | 477 |
| 500 ## - GENERAL NOTE | |
| General note | Includes Index |
| 650 ## - SUBJECT ADDED ENTRY--TOPICAL TERM | |
| Subject / Department | Engineering |
| 700 ## - ADDED ENTRY--PERSONAL NAME | |
| Personal name | K.P.Soman |
| 952 ## - LOCATION AND ITEM INFORMATION (KOHA) | |
| -- | 0 |
| -- | 0 |
| Lost status | Damaged status | Permanent Location | Current Location | Shelving Location | Date acquired | Full Call Number | Accession No./Barcode | Date last seen | item type |
|---|---|---|---|---|---|---|---|---|---|
| Superior Information Resource Center (SIRC) Superior University- Central Library | Superior Information Resource Center (SIRC) Superior University- Central Library | Engineering | 06/21/2023 | 006.31 SOM-M 2009 | 6234 | 06/21/2023 | BOOK |
